<?xml version="1.0" encoding="UTF-8"?>
<record
    xmlns:xsi="http://www.w3.org/2001/XMLSchema-instance"
    xsi:schemaLocation="http://www.loc.gov/MARC21/slim http://www.loc.gov/standards/marcxml/schema/MARC21slim.xsd"
    xmlns="http://www.loc.gov/MARC21/slim">

  <leader>00937nam a22002057a 4500</leader>
  <datafield tag="952" ind1=" " ind2=" ">
    <subfield code="0">0</subfield>
    <subfield code="1">0</subfield>
    <subfield code="2">ddc</subfield>
    <subfield code="4">0</subfield>
    <subfield code="7">0</subfield>
    <subfield code="8">NFIC</subfield>
    <subfield code="a">ASL</subfield>
    <subfield code="b">ASL</subfield>
    <subfield code="c">GEN</subfield>
    <subfield code="d">2020-09-17</subfield>
    <subfield code="l">0</subfield>
    <subfield code="o">297.4 SUS</subfield>
    <subfield code="p">101154</subfield>
    <subfield code="r">2020-09-17 00:00:00</subfield>
    <subfield code="t">C-1</subfield>
    <subfield code="w">2020-09-17</subfield>
    <subfield code="y">BK</subfield>
  </datafield>
  <datafield tag="952" ind1=" " ind2=" ">
    <subfield code="0">0</subfield>
    <subfield code="1">0</subfield>
    <subfield code="2">ddc</subfield>
    <subfield code="4">0</subfield>
    <subfield code="7">0</subfield>
    <subfield code="8">NFIC</subfield>
    <subfield code="a">ASL</subfield>
    <subfield code="b">ASL</subfield>
    <subfield code="c">GEN</subfield>
    <subfield code="d">2023-03-31</subfield>
    <subfield code="l">0</subfield>
    <subfield code="o">297.4 SUS</subfield>
    <subfield code="p">120253</subfield>
    <subfield code="r">2023-03-31 00:00:00</subfield>
    <subfield code="t">C-2</subfield>
    <subfield code="w">2023-03-31</subfield>
    <subfield code="y">BK</subfield>
    <subfield code="z">Y-2007</subfield>
  </datafield>
  <datafield tag="999" ind1=" " ind2=" ">
    <subfield code="c">18009</subfield>
    <subfield code="d">18009</subfield>
  </datafield>
  <controlfield tag="003">BDDh-ASL</controlfield>
  <controlfield tag="005">20231015025653.0</controlfield>
  <controlfield tag="008">200917b2007       ||||| |||| 00| 0     d</controlfield>
  <datafield tag="020" ind1=" " ind2=" ">
    <subfield code="a">9843000000509</subfield>
  </datafield>
  <datafield tag="040" ind1=" " ind2=" ">
    <subfield code="a">BDDh-ASL</subfield>
    <subfield code="c">BDDh-ASL</subfield>
    <subfield code="d">BDDh-ASL</subfield>
  </datafield>
  <datafield tag="041" ind1=" " ind2=" ">
    <subfield code="a">bengali </subfield>
  </datafield>
  <datafield tag="082" ind1=" " ind2=" ">
    <subfield code="a">297.4</subfield>
    <subfield code="b">SUS</subfield>
  </datafield>
  <datafield tag="100" ind1=" " ind2=" ">
    <subfield code="9">848</subfield>
    <subfield code="a">&#x9B8;&#x9C1;&#x9B2;&#x9A4;&#x9BE;&#x9A8;&#x9BE;, &#x9B8;&#x9C8;&#x9AF;&#x9BC;&#x9A6;&#x9BE; &#x9A4;&#x9BE;&#x995;&#x9B2;&#x9BF;&#x9AE;&#x9BE;</subfield>
  </datafield>
  <datafield tag="245" ind1="1" ind2=" ">
    <subfield code="a">&#x9B8;&#x9C2;&#x9AB;&#x9C0;&#x9AC;&#x9BE;&#x9A6;&#x9C7;&#x9B0; &#x986;&#x9A4;&#x9CD;&#x9AE;&#x9AA;&#x9B0;&#x9BF;&#x99A;&#x9AF;&#x9BC; &#x993; &#x995;&#x9CD;&#x9B0;&#x9AE;&#x983;&#x9AC;&#x9BF;&#x995;&#x9BE;&#x9B6;&#x9C7;&#x9B0; &#x985;&#x9A8;&#x9CD;&#x9A4;&#x9B0;&#x9BE;&#x9AF;&#x9BC;/</subfield>
    <subfield code="c"> &#x9B8;&#x9C8;&#x9AF;&#x9BC;&#x9A6;&#x9BE; &#x9A4;&#x9BE;&#x995;&#x9B2;&#x9BF;&#x9AE;&#x9BE; &#x9B8;&#x9C1;&#x9B2;&#x9A4;&#x9BE;&#x9A8;&#x9BE;&#x964; </subfield>
  </datafield>
  <datafield tag="246" ind1=" " ind2=" ">
    <subfield code="a">Sufibader Atma Parichay O Kromobikasher Antarai.</subfield>
  </datafield>
  <datafield tag="260" ind1=" " ind2=" ">
    <subfield code="a">&#x9A2;&#x9BE;&#x995;&#x9BE;: </subfield>
    <subfield code="b">&#x9B8;&#x9C2;&#x9AB;&#x9C0; &#x9AB;&#x9BE;&#x989;&#x9A3;&#x9CD;&#x9A1;&#x9C7;&#x9B6;&#x9A8; &#x9AC;&#x9BE;&#x982;&#x9B2;&#x9BE;&#x9A6;&#x9C7;&#x9B6;, </subfield>
    <subfield code="c">&#x9E8;&#x9E6;&#x9E6;&#x9ED;&#x964; </subfield>
  </datafield>
  <datafield tag="300" ind1=" " ind2=" ">
    <subfield code="a">&#x9E7;&#x9E9;&#x9E7; &#x9AA;&#x9C3;&#x9B7;&#x9CD;&#x9A0;&#x9BE;:</subfield>
    <subfield code="c">&#x9E8;&#x9E7; &#x9B8;&#x9C7;. &#x9AE;&#x9BF;.&#x964; </subfield>
  </datafield>
  <datafield tag="650" ind1=" " ind2="0">
    <subfield code="9">849</subfield>
    <subfield code="a">&#x987;&#x9B8;&#x9B2;&#x9BE;&#x9AE; &#x9A7;&#x9B0;&#x9CD;&#x9AE; </subfield>
    <subfield code="x">&#x9B8;&#x9C2;&#x9AB;&#x9C0;&#x9AC;&#x9BE;&#x9A6; </subfield>
  </datafield>
  <datafield tag="942" ind1=" " ind2=" ">
    <subfield code="2">ddc</subfield>
    <subfield code="c">BK</subfield>
  </datafield>
</record>
